000 00667nam a2200229Ia 4500
003 OSt
005 20221007072100.0
006 a|||||r|||| 00| 0
007 ta
008 221006b |||||||| |||| 00| 0 eng d
024 _a27,401
037 _cReports / Technical Reports
040 _aFLL
_cFLL
_beng
041 _2eng
_aeng
082 _aZ6:922, K9
100 _aGluckman Max Ed.
_9136781
245 0 _aIdeas and procedures in African customary law
260 _aLondon
_bOxford University Press UK
_c1969
300 _axiii,361p
_ccm.
942 _hZ6:922, K9
_cREP
_2CC
999 _c1145159
_d1145159